000 00483nam a2200181Ia 4500
001 18474
005 20260306171633.0
008 260306s9999||||xx |||||||||||||| ||und||
041 _aESP
082 _a658.406
_bC24
100 _aCameron, Kim S.
_eAUT
245 0 _aDiagnosing and changing organizational culture:
_bbased on the competing values framework
260 _c2011
300 _a268 páginas :
_c23 cm.
650 _aGEN
654 _aCAN
942 _cLIB
_dJUS
_fJUS
_2ddc
_n
999 _c18474
_d18474